000 00431nam a2200169Ia 4500
005 20260330112738.0
008 260330s9999||||xx |||||||||||||| ||und||
020 _a9789587100419
041 _aspa
100 _aVarios
245 0 _aLa Escuela En La Formacion De La Esfera Publica /
_cVarios
250 _a1 ed.
260 _aBogota :
_bAlcadia Mayor De Bogota.
_c2006
300 _a81 p.
650 _aEDUCACIÓN
942 _cBK
999 _c3164
_d3164